| 000 | 00390nam a2200109Ia 4500 | ||
|---|---|---|---|
| 008 | 160909s9999 xx 000 0 und d | ||
| 100 | _aKaur, Swarnpreet | ||
| 245 | _aDermAccess: Access to dermatology via telecommunications | ||
| 260 |
_bCalifornia State University, Long Beach _c2016 |
||
| 650 | _aInformation Technology | ||
| 856 | _uhttp://pqdtopen.proquest.com/doc/1776525791.html?FMT=ABS | ||
| 999 |
_c303798 _d303798 |
||